| 000 | 00560cam a2200205 4500 | ||
|---|---|---|---|
| 001 | B874 | ||
| 008 | 090401t1901 xxu||||| |||| 00| 0 eng d | ||
| 035 | _a(Sirsi) u38462 | ||
| 041 | _aeng | ||
| 050 | _a553.61 | ||
| 100 | _aFairie, James | ||
| 245 | _aNotes on pottery clays : the distribution, properties, uses, and analyses of ball clays, china clays and china stone | ||
| 260 |
_aLondon _bScott Greenwood and Co _c1901 |
||
| 300 | _aiii,132p. ; 19cm. | ||
| 350 | _a0 | ||
| 650 | _aCHINA CLAY | ||
| 650 | _aCLAY | ||
| 942 | _n0 | ||
| 948 | _c04/03/1997 | ||
| 999 |
_c90648 _d90648 |
||